| 000 | 00942cam a22002533a 4500 | ||
|---|---|---|---|
| 001 | 3851 | ||
| 003 | PGUSA | ||
| 005 | 20140828083039.0 | ||
| 008 | 041202s2004||||xxu|||||s|||||000 | eng d | ||
| 040 |
_aPGUSA _beng |
||
| 042 | _adc | ||
| 050 | 4 | _aDC | |
| 100 | 1 |
_aMontespan, Françoise-Athénaïs de Rochechouart de Mortemart, marquise de, _d1641-1707 |
|
| 245 | 1 | 0 |
_aMemoirs of Madame la Marquise de Montespan — Volume 5 _h[electronic resource] / _cFrançoise-Athénaïs de Rochechouart de Mortemart, marquise de Montespan |
| 260 |
_bProject Gutenberg, _c2004 |
||
| 506 | _aPublic domain in the USA. | ||
| 516 | _aElectronic text | ||
| 653 | _aMontespan, Françoise-Athénaïs de Rochechouart de Mortemart, marquise de, 1641-1707 | ||
| 653 | _aLouis XIV, King of France, 1638-1715 | ||
| 653 | _aFrance -- Court and courtiers | ||
| 830 | 0 |
_aProject Gutenberg _v3851 |
|
| 856 | 4 | 0 | _uhttp://www.gutenberg.org/ebooks/3851 |
| 942 | _cEB | ||
| 999 |
_c233180 _d233180 |
||